Manažment školy v praxi odborný mesačník pre manažment škôl a školských zariadení

Na minha lista:
Detalhes bibliográficos
Formato: Periódico
Idioma:eslovaco
Publicado em: Bratislava IURA EDITION 2009
Assuntos:
Tags: Adicionar Tag
Sem tags, seja o primeiro a adicionar uma tag!

MARC

LEADER 00000nas2a2200000 4500
001 0164813
005 20130201124921.0
022 |a 1336-9849 
041 0 |a slo 
044 |a SK 
245 1 0 |a Manažment školy v praxi  |b odborný mesačník pre manažment škôl a školských zariadení 
264 1 |a Bratislava  |b IURA EDITION  |c 2009 
773 0 |w eu_un_cat*0064933 
610 2 0 |a školy 
610 2 0 |a manažment 
610 2 0 |a zariadenia školské 
610 2 0 |a zariadenia predškolské